Matter and interactions

محفوظ في:
التفاصيل البيبلوغرافية
المؤلفون الرئيسيون: Chabay, Ruth W (مؤلف), Sherwood, Bruce A (مؤلف)
التنسيق: كتاب
اللغة:الإنجليزية
منشور في: Hoboken John Wiley and Sons 2011
الطبعة:3a. ed
الموضوعات:
الوسوم: إضافة وسم
لا توجد وسوم, كن أول من يضع وسما على هذه التسجيلة!

MARC

LEADER 00000cam a2200000 a 4500
001 UCF4100
003 CL-VaPUC
008 121122e20110000US |||||||||||||||||eng|d
020 |a 9780470503478 
082 0 4 |a 530  |b CHA  |2 21 
100 0 |a Chabay, Ruth W  |e author  |9 565747 
700 0 |a Sherwood, Bruce A  |e author  |9 565748 
245 1 0 |a Matter and interactions 
250 |a 3a. ed 
300 |a 1080 p 
942 |c BK 
945 |d 20121122 00:00:00  |a cmena 
260 |a Hoboken  |b John Wiley and Sons  |c 2011 
500 |a Incluye 2 volúmenes en versión única 
500 |a v.1: Modern mechanics 
500 |a v.2: Electric and magnetic interactions 
650 0 |a Física   |9 227844 
650 0 |a Libros de texto  |9 270019 
650 0 |a Mecánica   |9 260096 
650 7 |a FISICA DE LA MATERIA  |2 CL-VaPUC  |9 358362 
583 |a last modification  |c 20121122 14:17:00  |k Rodrigo Vera 
999 |c 350077  |d 350075 
952 |0 0  |1 0  |4 0  |6 530_000000000000000_CHA_2011  |7 0  |8 A  |9 453067  |a BIBCUR  |b BIBCUR  |d 2019-11-22  |h v.1-2  |i 4924568  |o 530 CHA 2011  |p 4924568  |r 2025-04-22  |w 2019-11-22  |y BK  |k FIS